000 01915nam a22002177a 4500
999 _c62187
_d62187
003 Ge_BSU
005 20240730134853.0
008 240730s2020 ge ||||| |||| 00| 0 geo d
020 _a9789941310881 X
041 _ageo
080 _a811.58(038) ჩ-43
245 _aჩემი ჩინური ენის ილუსტრირებული ლექსიკონი /
_cშემდგ. იუემეი უ ; ქართული თარგმან. ელისო ელისაშვილი
264 _aთბილისი:
_bინტელექტი,
_c[2020].
300 _a351 გვ.:
_bფერ.ფოტ. ილ;
_c26 სმ.
653 _a15 თემა, რომელიც მოიცავს ყოველდღიური ცხოვრების ყველა ასპექტს; * 142 სიტუაცია, რომელიც ასახავს თანამედროვე ჩინეთის რეალურ ცხოვრებას; * დიდი რაოდენობით ლამაზი ნახატები და ფოტოსურათები, რომლებიც 4200-ზე მეტ საყოველთაოდ გავრცელებულ გამონათქვამს აღწერს; * პარალელური ტექსტი და ჩინურ-ქართული საძიებელი მოსახერხებელს ხდის სწავლას და ინფორმაციის მოძებნა
653 _aჩინური ენის ლექსიკონი
700 _aიუემეი, უ
_eშემდგენელი
_923006
700 _a ელისაშვილი, ელისო
_eმთარგმნელი
_923007
773 _tნაჩუქარი
942 _2udc
_cBK